Management information and control systems (Record no. 180573)

000 -LEADER
fixed length control field 00403nam a2200133Ia 4500
008 - FIXED-LENGTH DATA ELEMENTS--GENERAL INFORMATION
fixed length control field 220217s9999||||xx |||||||||||||| ||und||
020 ## - INTERNATIONAL STANDARD BOOK NUMBER
International Standard Book Number 81-8054-536-9
082 ## - DEWEY DECIMAL CLASSIFICATION NUMBER
Classification number 658.403 8 PRA
100 ## - MAIN ENTRY--PERSONAL NAME
Personal name Prasad, L.M and Prasad, Usha
9 (RLIN) 7111
245 #0 - TITLE STATEMENT
Title Management information and control systems
260 ## - PUBLICATION, DISTRIBUTION, ETC.
Place of publication, distribution, etc. S. Chand & company Ltd.
Name of publisher, distributor, etc. New Delhi
Date of publication, distribution, etc. 2009
300 ## - PHYSICAL DESCRIPTION
Extent XI, 424p.
Other physical details 200
650 ## - SUBJECT ADDED ENTRY--TOPICAL TERM
Topical term or geographic name entry element MANAGEMENT
Holdings
Withdrawn status Lost status Damaged status Not for loan Collection code Home library Current library Shelving location Date acquired Full call number Barcode Date last seen Price effective from Koha item type
        Electronics and Communication Engineering Central Library Central Library Reference 02/18/2022 658.403 8 PRA 15762 02/18/2022 02/18/2022 Books

Powered by Koha